000 00522nam a2200193Ia 4500
005 20250508150358.0
008 008 250505s9999 xx 000 0 eng d
037 _aTextual
040 _aFEDL
_beng
_cFEDL
041 _aeng
_2eng
084 _a136.7, ABR
_qFEDL
100 _aAbrams Irving R.
_9756542
245 0 _aJunior speaks up
260 _aNew York, USA
_bThe Macmillan Company
_c1948
300 _axi,164p.
650 _aPersonality
942 _cTEXL
_h136.7, ABR
999 _c1323306
_d1323306